Ramón Xirau Poesía y conocimiento.
Đã lưu trong:
| Định dạng: | Không biết |
|---|---|
| Ngôn ngữ: | Spanish |
| Được phát hành: |
México :
Editorial Joaquín Mortiz,
1978.
|
| Những chủ đề: | |
| Các nhãn: |
Thêm thẻ
Không có thẻ, Là người đầu tiên thẻ bản ghi này!
|
MARC
| LEADER | 000000000a22000000004500 | ||
|---|---|---|---|
| 001 | 011208 | ||
| 020 | |a 9682700175 | ||
| 041 | 0 | |a spa | |
| 082 | 0 | 4 | |a 861.09 |b X6r |
| 245 | 0 | 0 | |a Ramón Xirau Poesía y conocimiento. |
| 260 | 1 | |a México : |b Editorial Joaquín Mortiz, |c 1978. | |
| 300 | |a 141 páginas | ||
| 500 | |a Colección George Yúdice | ||
| 650 | 4 | |a LITERATURA MEXICANA | |
| 650 | 4 | |a LITERATURA CUBANA | |
| 650 | 4 | |a LITERATURA ARGENTINA | |
| 650 | 4 | |a POESIA | |
| 650 | 4 | |a CRITICA Y ANALISIS | |
| 650 | 4 | |a BORGES, JORGE LUIS, 1899-1986 | |
| 650 | 4 | |a LEZAMA LIMA, JOSE, 1910-1976 | |
| 650 | 4 | |a PAZ, OCTAVIO, 1914-1998 | |
| 999 | |c 16513 |d 16513 | ||
| 942 | |c BK |h 861.09 X6r |2 z | ||



